[Event "Balaguer op"]
[Site "?"]
[Date "2011.07.22"]
[Round "6"]
[White "Villa Gimenez, C."]
[Black "Kovacevic, S."]
[Result "1-0"]
[WhiteElo "2013"]
[BlackElo "2325"]
[PlyCount "85"]
[EventDate "2011.??.??"]
[EventType "swiss"]
[Source "Chessbase"]
[SourceDate "2011.07.29"]

1. d4 Nf6 2. c4 e6 3. Nc3 c5 4. d5 exd5 5. cxd5 d6 6. e4 g6 7. f4 Bg7 8. Bb5+
Nfd7 9. a4 O-O 10. Nf3 a6 11. Bd3 Nf6 12. h3 Nbd7 13. O-O Ne8 14. a5 Rb8 15.
Nd2 f5 16. exf5 gxf5 17. Qc2 Bd4+ 18. Kh1 Ng7 19. Ne2 Bf6 20. Ng3 b5 21. Nxf5
c4 22. Nh6+ Kh8 23. Bxh7 Nc5 24. Ra3 Bb7 25. Be4 Qe8 26. Bg6 Qd7 27. Ne4 Nb3
28. Nxf6 Rxf6 29. Ng4 Rff8 30. f5 Nd4 31. Qf2 Ndxf5 32. Rf3 Bxd5 33. Bxf5 Nxf5
34. Rxf5 Rxf5 35. Qxf5 Qxf5 36. Rxf5 Be4 37. Rg5 b4 38. Be3 Rb5 39. Bd4+ Kh7
40. Rxb5 axb5 41. Nf6+ Kg6 42. Nxe4 d5 43. Nd2 1-0

[Event "Balaguer op"]
[Site "?"]
[Date "2011.07.22"]
[Round "6"]
[White "Volodin, A."]
[Black "Mellado Triviño, J."]
[Result "0-1"]
[WhiteElo "2523"]
[BlackElo "2433"]
[PlyCount "84"]
[EventDate "2011.??.??"]
[EventType "swiss"]
[Source "Chessbase"]
[SourceDate "2011.07.29"]

1. d4 Nf6 2. c4 g6 3. Nc3 d5 4. cxd5 Nxd5 5. e4 Nxc3 6. bxc3 Bg7 7. Nf3 c5 8.
Be3 Qa5 9. Bd2 Qc7 10. Be2 O-O 11. O-O Nd7 12. Rb1 e5 13. d5 Nf6 14. Bd3 c4 15.
Bc2 Ne8 16. h3 Nd6 17. Bg5 f6 18. Be3 Bd7 19. Kh1 b6 20. Qd2 Rae8 21. Rbe1 Bc8
22. Qc1 f5 23. exf5 gxf5 24. Bh6 f4 25. Bxg7 Qxg7 26. Nd2 Qh6 27. Kh2 Kh8 28.
Ne4 Rg8 29. Rg1 Nxe4 30. Bxe4 Rg5 31. Bf3 Reg8 32. Qd1 Rg3 33. Bh5 R8g5 34.
Rxe5 Rxe5 35. Qd4 Rgg5 36. Bf3 Qd6 37. Qxc4 Bd7 38. Rd1 Re8 39. Qa6 Rg7 40. c4
Qc5 41. Rd2 Qb4 42. Rd4 Qb2 0-1

[Event "Balaguer op"]
[Site "?"]
[Date "2011.07.23"]
[Round "7"]
[White "Arribas Robaina, M."]
[Black "Gomez Ledo, RC."]
[Result "0-1"]
[WhiteElo "2292"]
[BlackElo "2428"]
[PlyCount "124"]
[EventDate "2011.??.??"]
[EventType "swiss"]
[Source "Chessbase"]
[SourceDate "2011.07.29"]

1. e4 e5 2. Nf3 Nc6 3. Nc3 Nf6 4. Bb5 Bb4 5. O-O O-O 6. d3 Bxc3 7. bxc3 d6 8.
Bxc6 bxc6 9. h3 h6 10. c4 Nh7 11. Nh2 f5 12. exf5 Bxf5 13. f4 exf4 14. Bxf4 Rb8
15. Be3 c5 16. Qd2 Qe8 17. Rf3 Bd7 18. Raf1 Rxf3 19. Rxf3 Bc6 20. Rg3 Qe5 21.
Bf4 Qd4+ 22. Be3 Qa1+ 23. Kf2 Rf8+ 24. Nf3 h5 25. Qc1 Qf6 26. Qd1 Bd7 27. Kg1
h4 28. Bg5 Nxg5 29. Rxg5 Bxh3 30. Qe1 Bxg2 31. Rxg2 Qxf3 32. Qxh4 Qe3+ 33. Kh2
Qe5+ 34. Qg3 Qxg3+ 35. Kxg3 Rf1 36. Rd2 Ra1 37. d4 cxd4 38. Rxd4 Rxa2 39. c5
Rxc2 40. cxd6 cxd6 41. Rxd6 a5 42. Ra6 Rc5 43. Ra7 Kh7 44. Kg4 Kh6 45. Kf4 g6
46. Kg4 Rc4+ 47. Kg3 a4 48. Ra5 g5 49. Ra8 Kg6 50. Rg8+ Kf5 51. Rf8+ Ke5 52.
Rg8 g4 53. Rd8 Rd4 54. Ra8 Kd5 55. Ra5+ Kc6 56. Kf2 Kb6 57. Ra8 Kb5 58. Ke3 Rd6
59. Rg8 a3 60. Rxg4 a2 61. Rg1 Kb4 62. Ke4 Ra6 0-1

[Event "Balaguer op"]
[Site "?"]
[Date "2011.07.23"]
[Round "7"]
[White "Coll Ortega, J."]
[Black "Volodin, A."]
[Result "1-0"]
[WhiteElo "2303"]
[BlackElo "2523"]
[PlyCount "63"]
[EventDate "2011.??.??"]
[EventType "swiss"]
[Source "Chessbase"]
[SourceDate "2011.07.29"]

1. e4 c5 2. Nf3 e6 3. d4 cxd4 4. Nxd4 Nf6 5. Nc3 d6 6. Bc4 a6 7. O-O Be7 8. Be3
O-O 9. f4 Nc6 10. Bb3 Qc7 11. f5 e5 12. Nde2 b5 13. Nd5 Qd8 14. Ng3 Bb7 15. Nh5
Nd4 16. Nxe7+ Qxe7 17. Bg5 Kh8 18. Bd5 Bxd5 19. exd5 Qa7 20. Bxf6 gxf6 21. Kh1
b4 22. c3 bxc3 23. bxc3 Nb5 24. Nxf6 Qe7 25. Nxh7 f6 26. Nxf8 Rxf8 27. Rf3 Rf7
28. a4 Nc7 29. Rb1 Qe8 30. Rh3+ Kg8 31. Qh5 Kf8 32. Rb7 1-0

[Event "Balaguer op"]
[Site "?"]
[Date "2011.07.23"]
[Round "7"]
[White "Gomez Garrido, C."]
[Black "Burmakin, V."]
[Result "0-1"]
[WhiteElo "2524"]
[BlackElo "2579"]
[PlyCount "112"]
[EventDate "2011.??.??"]
[EventType "swiss"]
[Source "Chessbase"]
[SourceDate "2011.07.29"]

1. e4 c6 2. d4 d5 3. e5 Bf5 4. h4 h5 5. c4 e6 6. Nc3 Ne7 7. Nge2 dxc4 8. Ng3 b5
9. a4 b4 10. Na2 b3 11. Nc3 Bc2 12. Qd2 Nd5 13. Bxc4 Bb4 14. Bd3 c5 15. O-O
cxd4 16. Bb5+ Nd7 17. Qxd4 Qb6 18. Qc4 Bxc3 19. bxc3 a6 20. Bxd7+ Kxd7 21. Bb2
Qc6 22. Qd4 Rac8 23. Rfe1 Qc4 24. Qd2 Qf4 25. Qe2 Qxh4 26. Qxa6 Qc4 27. Qd6+
Ke8 28. Nf1 Qc6 29. Ne3 Qxd6 30. exd6 Nxe3 31. Rxe3 Kd7 32. c4 Rxc4 33. Bxg7
Ra8 34. a5 Rc5 35. a6 Rb5 36. Bb2 Rb6 37. a7 Rb7 38. Ra5 Raxa7 39. Ree5 f5 40.
Kh2 Kxd6 41. Kh3 Be4 42. f3 Bd5 43. Rxa7 Rxa7 44. Re2 Ra4 45. f4 Kc5 46. g3 Re4
47. Rd2 Re1 48. Kh4 Rh1+ 49. Kg5 Rh3 50. Be5 Rxg3+ 51. Kxh5 Rg2 52. Rxg2 Bxg2
53. Kh4 Kc4 54. Kg3 Bd5 55. Kf2 Kd3 56. Ke1 Kc2 0-1

[Event "Balaguer op"]
[Site "?"]
[Date "2011.07.23"]
[Round "7"]
[White "Hernandez Carmenates, H."]
[Black "Barbero Sendic, A."]
[Result "1-0"]
[WhiteElo "2570"]
[BlackElo "2264"]
[PlyCount "65"]
[EventDate "2011.??.??"]
[EventType "swiss"]
[Source "Chessbase"]
[SourceDate "2011.07.29"]

1. d4 d5 2. c4 c6 3. Nc3 Nf6 4. e3 g6 5. Nf3 Bg7 6. Be2 O-O 7. h3 a6 8. O-O b5
9. cxd5 cxd5 10. Ne5 Qd6 11. Bd2 Nbd7 12. Nd3 e5 13. Nb1 Re8 14. Bb4 Qb8 15.
dxe5 Nxe5 16. Nd2 Nxd3 17. Bxd3 Ne4 18. Nxe4 dxe4 19. Bxe4 Bb7 20. Bxb7 Qxb7
21. Rb1 Qe4 22. Qb3 Rac8 23. Rbc1 Rc4 24. Ba5 Rec8 25. Rxc4 Qxc4 26. Qxc4 Rxc4
27. b3 Rc2 28. Rd1 Bf8 29. Rd8 Kg7 30. Bb6 Bb4 31. Bd4+ Kh6 32. g4 Rxa2 33. Rd7
1-0

[Event "Balaguer op"]
[Site "?"]
[Date "2011.07.23"]
[Round "7"]
[White "Janev, E."]
[Black "Alvarez Pedraza, A."]
[Result "0-1"]
[WhiteElo "2528"]
[BlackElo "2551"]
[PlyCount "60"]
[EventDate "2011.??.??"]
[EventType "swiss"]
[Source "Chessbase"]
[SourceDate "2011.07.29"]

1. e4 c6 2. d4 d5 3. Nd2 dxe4 4. Nxe4 Nf6 5. Nxf6+ gxf6 6. Nf3 Bg4 7. c3 Nd7 8.
Be2 Qc7 9. Be3 e6 10. Nd2 Bf5 11. Bf3 O-O-O 12. Qb3 Nb6 13. a4 Nd5 14. a5 a6
15. Nc4 Kb8 16. Rd1 h5 17. Nb6 Bg4 18. Be2 Bxe2 19. Kxe2 Rg8 20. g3 Nxe3 21.
fxe3 h4 22. gxh4 Rg2+ 23. Kd3 Qe5 24. Rdf1 f5 25. Qa2 Bh6 26. Re1 c5 27. Qa4
Rxb2 28. Nd7+ Rxd7 29. Qxd7 Qe4+ 30. Kc4 Rb4+ 0-1

[Event "Balaguer op"]
[Site "?"]
[Date "2011.07.23"]
[Round "7"]
[White "Kovacevic, S."]
[Black "Puig Carres, J."]
[Result "1-0"]
[WhiteElo "2325"]
[BlackElo "1838"]
[PlyCount "51"]
[EventDate "2011.??.??"]
[EventType "swiss"]
[Source "Chessbase"]
[SourceDate "2011.07.29"]

1. d4 d5 2. Bf4 Nf6 3. e3 Bf5 4. c4 c6 5. Qb3 Qb6 6. c5 Qxb3 7. axb3 Nbd7 8. h3
a6 9. b4 Rc8 10. Nd2 Nh5 11. Bh2 Bc2 12. Ne2 e6 13. Rc1 Bd3 14. Nb3 b6 15. Nc3
Bxf1 16. Kxf1 bxc5 17. bxc5 Be7 18. Ra1 Ra8 19. Na5 O-O 20. Nxc6 Rfe8 21. Nxe7+
Rxe7 22. b4 Ree8 23. Ke2 Rec8 24. Kd3 Nhf6 25. Ra4 Nb8 26. b5 1-0

[Event "Balaguer op"]
[Site "?"]
[Date "2011.07.23"]
[Round "7"]
[White "Lariño Nieto, D."]
[Black "Ramon Solans, A."]
[Result "1/2-1/2"]
[WhiteElo "2495"]
[BlackElo "2280"]
[PlyCount "108"]
[EventDate "2011.??.??"]
[EventType "swiss"]
[Source "Chessbase"]
[SourceDate "2011.07.29"]

1. b3 d5 2. Bb2 Bg4 3. h3 Bh5 4. d3 Nd7 5. g4 Bg6 6. f4 f6 7. Bg2 c6 8. e4 dxe4
9. dxe4 e5 10. f5 Bf7 11. Nd2 Qa5 12. a3 O-O-O 13. Qe2 h5 14. Ngf3 hxg4 15.
hxg4 Rxh1+ 16. Bxh1 g5 17. Bg2 Kb8 18. Qe3 Bc5 19. Qd3 Qc7 20. O-O-O Nb6 21.
Qe2 Qe7 22. a4 Ba3 23. a5 Nc8 24. Nb1 Bxb2+ 25. Kxb2 Rxd1 26. Qxd1 Qb4 27. Qd2
Qxd2 28. Nfxd2 Kc7 29. Nc3 Nd6 30. Nd1 Ne7 31. Bf1 b6 32. axb6+ axb6 33. Nf2 c5
34. c3 b5 35. Nd3 Kb6 36. b4 Nc4+ 37. Nxc4+ Bxc4 38. bxc5+ Ka5 39. Be2 Bxd3 40.
Bxd3 Nc6 41. Ka3 Nb8 42. Bc2 Na6 43. c6 Kb6 44. Kb3 Kxc6 45. Bb1 Kc5 46. Bc2
Nb8 47. Bb1 Nc6 48. Kc2 b4 49. Ba2 Kb5 50. Bf7 bxc3 51. Kxc3 Kc5 52. Be6 Na7
53. Bd7 Kd6 54. Be8 Kc5 1/2-1/2

[Event "Balaguer op"]
[Site "?"]
[Date "2011.07.23"]
[Round "7"]
[White "Lazaro Porta, A."]
[Black "Aloy Piulats, R."]
[Result "1-0"]
[WhiteElo "1970"]
[BlackElo "1825"]
[PlyCount "63"]
[EventDate "2011.??.??"]
[EventType "swiss"]
[Source "Chessbase"]
[SourceDate "2011.07.29"]

1. c4 e5 2. Nc3 c6 3. Nf3 d6 4. g3 Nf6 5. d3 Be7 6. Bg2 O-O 7. O-O Qc7 8. Ne1
h6 9. Nc2 a6 10. e4 Be6 11. Ne3 Nbd7 12. f4 exf4 13. gxf4 Nb6 14. f5 Bd7 15.
Ng4 Kh7 16. Bf4 Nxg4 17. Qxg4 g5 18. Bg3 f6 19. Rac1 Qd8 20. b4 Be8 21. d4 Nd7
22. Qe2 Rc8 23. c5 dxc5 24. bxc5 Bf7 25. Qb2 Nb8 26. Ne2 Qd7 27. e5 Bd5 28. e6
Qd8 29. Qxb7 Bxg2 30. Kxg2 Re8 31. Bd6 h5 32. Bxe7 1-0

[Event "Balaguer op"]
[Site "?"]
[Date "2011.07.23"]
[Round "7"]
[White "Mellado Triviño, J."]
[Black "Moradiabadi, E."]
[Result "0-1"]
[WhiteElo "2433"]
[BlackElo "2532"]
[PlyCount "102"]
[EventDate "2011.??.??"]
[EventType "swiss"]
[Source "Chessbase"]
[SourceDate "2011.07.29"]

1. e4 c6 2. Nf3 d5 3. exd5 cxd5 4. Ne5 Nc6 5. d4 e6 6. c3 Bd6 7. f4 Nge7 8. Bd3
O-O 9. O-O f6 10. Qh5 Nf5 11. Bxf5 exf5 12. Nd3 b6 13. Nd2 Be6 14. Re1 Qd7 15.
Nf1 Bf7 16. Qh3 Rae8 17. Bd2 g6 18. Rxe8 Rxe8 19. Re1 Re4 20. Ng3 Rxe1+ 21.
Bxe1 Na5 22. Ne2 Be7 23. Qe3 Nc4 24. Qc1 Nd6 25. b3 Ne4 26. a4 Qc6 27. Qa1 a5
28. Qa2 Be6 29. b4 Bd6 30. b5 Qc7 31. g3 Bf7 32. Nf2 Bf8 33. Nd1 Nd6 34. Ne3
Nc4 35. Bf2 Qe7 36. Ng2 g5 37. Qc2 Bh5 38. g4 fxg4 39. fxg5 fxg5 40. Qf5 Qxe2
41. Qxg5+ Bg6 42. Nf4 Qd1+ 43. Kg2 Ne3+ 44. Bxe3 Qf3+ 45. Kg1 Qxe3+ 46. Kf1
Qf3+ 47. Kg1 Be7 48. Qxd5+ Qxd5 49. Nxd5 Bd8 50. c4 Bf7 51. Ne3 Bg5 0-1

[Event "Balaguer op"]
[Site "?"]
[Date "2011.07.23"]
[Round "7"]
[White "Ramon Perez, JL."]
[Black "Fernandez Cardoso, A."]
[Result "0-1"]
[WhiteElo "2222"]
[BlackElo "2450"]
[PlyCount "48"]
[EventDate "2011.??.??"]
[EventType "swiss"]
[Source "Chessbase"]
[SourceDate "2011.07.29"]

1. e4 c5 2. Nf3 e6 3. c3 Qa5 4. d4 cxd4 5. Bc4 Nc6 6. O-O d3 7. Qxd3 Qc7 8. a4
Nf6 9. Na3 a6 10. Re1 Ng4 11. Ba2 Bc5 12. Re2 Nce5 13. Nxe5 Qxe5 14. Qg3 Qh5
15. Qh3 Qg6 16. Bb1 e5 17. Qg3 d6 18. Nc4 h5 19. Be3 h4 20. Qf3 Nxh2 21. Kxh2
Bg4 22. Bxc5 Bxf3 23. Nxd6+ Ke7 24. gxf3 h3 0-1

[Event "Balaguer op"]
[Site "?"]
[Date "2011.07.23"]
[Round "7"]
[White "Roeder, M."]
[Black "Tuz, M."]
[Result "1-0"]
[WhiteElo "2420"]
[BlackElo "2080"]
[PlyCount "67"]
[EventDate "2011.??.??"]
[EventType "swiss"]
[Source "Chessbase"]
[SourceDate "2011.07.29"]

1. Nf3 d6 2. d4 Nf6 3. c4 g6 4. Nc3 Bf5 5. Bg5 Bg7 6. e3 O-O 7. Bd3 Bxd3 8.
Qxd3 Nbd7 9. O-O c5 10. a3 a6 11. b4 b6 12. Rab1 h6 13. Bh4 Rc8 14. Nd2 Re8 15.
f4 Qc7 16. b5 a5 17. d5 Kh7 18. Nf3 Rf8 19. h3 Rce8 20. Rbd1 Qb8 21. e4 Nh5 22.
Ne2 Kg8 23. g4 Nhf6 24. Bg3 e5 25. dxe6 Rxe6 26. Nc3 Rfe8 27. Rfe1 Qa8 28. Nd2
Nh7 29. Nd5 Bd4+ 30. Kh2 Qb7 31. f5 Re5 32. Bxe5 Nxe5 33. Kg2 Re7 34. Nxe7+ 1-0

[Event "Balaguer op"]
[Site "?"]
[Date "2011.07.23"]
[Round "7"]
[White "Sole Castañe, J."]
[Black "Aranzana Areste, A."]
[Result "0-1"]
[WhiteElo "1634"]
[BlackElo "2065"]
[PlyCount "72"]
[EventDate "2011.??.??"]
[EventType "swiss"]
[Source "Chessbase"]
[SourceDate "2011.07.29"]

1. Nf3 d5 2. d3 c5 3. g3 Nc6 4. Bg2 e5 5. Nbd2 Nf6 6. O-O Be7 7. c3 O-O 8. h3
h6 9. Re1 e4 10. dxe4 dxe4 11. Nh2 e3 12. Ne4 Nxe4 13. Bxe4 exf2+ 14. Kxf2 Bxh3
15. Qxd8 Raxd8 16. Bxc6 bxc6 17. Be3 Rd5 18. Rad1 Rfd8 19. Rxd5 cxd5 20. Rd1
Be6 21. a3 a5 22. Nf3 a4 23. Ne5 Bf6 24. Nf3 Rb8 25. Bxc5 Rxb2 26. Nd4 Bg5 27.
Bb4 h5 28. Nf3 Bf6 29. Ke3 Kh7 30. Rd2 Rb1 31. Kf2 g5 32. Ne1 g4 33. Ng2 Rb3
34. Rd3 Kg6 35. Nf4+ Kg5 36. Bc5 Be5 0-1

[Event "Balaguer op"]
[Site "?"]
[Date "2011.07.23"]
[Round "7"]
[White "Westerinen, H."]
[Black "Fandiño Reyes, R."]
[Result "1-0"]
[WhiteElo "2355"]
[BlackElo "2145"]
[PlyCount "81"]
[EventDate "2011.??.??"]
[EventType "swiss"]
[Source "Chessbase"]
[SourceDate "2011.07.29"]

1. e4 e5 2. Nf3 Nc6 3. Bb5 a6 4. Ba4 Nf6 5. O-O b5 6. Bb3 Bc5 7. d3 O-O 8. Nc3
h6 9. Be3 d6 10. h3 Re8 11. a3 Rb8 12. Qd2 Be6 13. Bxe6 Rxe6 14. Nd5 Nh7 15.
Qc3 Rg6 16. Bxc5 dxc5 17. Nxe5 Nxe5 18. Qxe5 Rg5 19. Ne7+ Kh8 20. Nf5 Nf8 21.
Qxc5 Ne6 22. Qe3 c5 23. f4 Rg6 24. e5 Nd4 25. Nxd4 cxd4 26. Qe4 Rc8 27. Rf2
Rgc6 28. Rc1 a5 29. f5 b4 30. axb4 axb4 31. b3 Rc3 32. e6 R3c7 33. Re1 Re7 34.
Qg4 f6 35. Re4 Ra8 36. Rxd4 Qb6 37. Kh2 Rc8 38. Re2 Rb8 39. Qf4 Rbb7 40. Ree4
Qa5 41. Rxb4 1-0

[Event "Balaguer op"]
[Site "?"]
[Date "2011.07.24"]
[Round "8"]
[White "Alvarez Pedraza, A."]
[Black "Hernandez Carmenates, H."]
[Result "1-0"]
[WhiteElo "2551"]
[BlackElo "2570"]
[PlyCount "99"]
[EventDate "2011.??.??"]
[EventType "swiss"]
[Source "Chessbase"]
[SourceDate "2011.07.29"]

1. d4 Nf6 2. c4 e6 3. Nc3 Bb4 4. Bg5 c5 5. d5 d6 6. e3 exd5 7. cxd5 Nbd7 8. Bd3
Qa5 9. Nge2 Nxd5 10. O-O Bxc3 11. bxc3 c4 12. Bc2 O-O 13. Ng3 Ne5 14. Qd4 Qxc3
15. Be4 Be6 16. Bxd5 Qxd4 17. exd4 Bxd5 18. dxe5 dxe5 19. Nf5 Be6 20. Nd6 f6
21. Be3 b6 22. Rfc1 Rfd8 23. Nxc4 Rac8 24. Nd2 Rxc1+ 25. Rxc1 Rc8 26. Rxc8+
Bxc8 27. f4 exf4 28. Bxf4 Be6 29. a3 Bd5 30. Kf2 Kf7 31. Nf3 g5 32. Bb8 a6 33.
Nd4 Kg6 34. g3 b5 35. Bc7 Kf7 36. Bd8 Kg6 37. Ke3 f5 38. Nf3 h6 39. Ne5+ Kh5
40. Kd4 Be4 41. Kc5 Bg2 42. Kd4 Be4 43. Ba5 Bg2 44. Be1 Bh3 45. Kc5 Bg2 46. Kb6
Bf1 47. Ka5 Be2 48. h3 g4 49. h4 Bf1 50. Bd2 1-0

[Event "Balaguer op"]
[Site "?"]
[Date "2011.07.24"]
[Round "8"]
[White "Barbero Sendic, A."]
[Black "Colovic, A."]
[Result "1/2-1/2"]
[WhiteElo "2264"]
[BlackElo "2450"]
[PlyCount "53"]
[EventDate "2011.??.??"]
[EventType "swiss"]
[Source "Chessbase"]
[SourceDate "2011.07.29"]

1. e4 e5 2. Nf3 Nc6 3. d4 exd4 4. Nxd4 Nf6 5. Nxc6 bxc6 6. e5 Qe7 7. Qe2 Nd5 8.
c4 Nb6 9. Nc3 Qe6 10. a3 a5 11. Qe4 d5 12. exd6 Qxe4+ 13. Nxe4 cxd6 14. Bf4 Be6
15. O-O-O Nxc4 16. Bxc4 Bxc4 17. Rhe1 O-O-O 18. Bxd6 Bb3 19. Rd2 Bd5 20. Bxf8
Rhxf8 21. Nc3 Bxg2 22. Rxd8+ Kxd8 23. Rg1 Bf3 24. Rxg7 h5 25. h3 f6 26. Rg3 Bh1
27. Rg1 1/2-1/2

[Event "Balaguer op"]
[Site "?"]
[Date "2011.07.24"]
[Round "8"]
[White "Fernandez Cardoso, A."]
[Black "Gomez Garrido, C."]
[Result "1/2-1/2"]
[WhiteElo "2450"]
[BlackElo "2524"]
[PlyCount "36"]
[EventDate "2011.??.??"]
[EventType "swiss"]
[Source "Chessbase"]
[SourceDate "2011.07.29"]

1. e4 c5 2. Nf3 d6 3. d4 Nf6 4. Nc3 cxd4 5. Nxd4 a6 6. Be2 e6 7. O-O Be7 8. Be3
Qc7 9. a4 O-O 10. f4 Nc6 11. Qe1 Nxd4 12. Bxd4 Bd7 13. Qg3 Bc6 14. Kh1 Rad8 15.
Bd3 Rd7 16. Rae1 Qb8 17. e5 dxe5 18. Bxe5 Qd8 1/2-1/2

[Event "Balaguer op"]
[Site "?"]
[Date "2011.07.24"]
[Round "8"]
[White "Gomez Ledo, RC."]
[Black "Pozo Vera, S."]
[Result "1/2-1/2"]
[WhiteElo "2428"]
[BlackElo "2471"]
[PlyCount "34"]
[EventDate "2011.??.??"]
[EventType "swiss"]
[Source "Chessbase"]
[SourceDate "2011.07.29"]

1. d4 d5 2. c4 c6 3. Nc3 Nf6 4. cxd5 cxd5 5. Nf3 Nc6 6. Bf4 a6 7. e3 Bg4 8. Be2
Bxf3 9. Bxf3 e6 10. O-O Bd6 11. Bxd6 Qxd6 12. e4 dxe4 13. Nxe4 Nxe4 14. Bxe4
O-O 15. d5 exd5 16. Bxd5 Rad8 17. Bxc6 Qxc6 1/2-1/2

[Event "Balaguer op"]
[Site "?"]
[Date "2011.07.24"]
[Round "8"]
[White "Guerra Mendez, JA."]
[Black "Westerinen, H."]
[Result "1-0"]
[WhiteElo "2450"]
[BlackElo "2355"]
[PlyCount "91"]
[EventDate "2011.??.??"]
[EventType "swiss"]
[Source "Chessbase"]
[SourceDate "2011.07.29"]

1. e4 e6 2. d4 d5 3. Nc3 Bb4 4. e5 c5 5. a3 Bxc3+ 6. bxc3 Nc6 7. Qg4 g6 8. h4
h6 9. Bd2 Qb6 10. dxc5 Qxc5 11. Nf3 d4 12. cxd4 Qxc2 13. Rc1 Qf5 14. Qg3 Nge7
15. Be3 Qe4 16. Nd2 Qd5 17. Bc4 Qa5 18. Qf4 Bd7 19. O-O O-O-O 20. Ne4 Kb8 21.
Bd2 Qc7 22. Bb4 Nxb4 23. axb4 Qb6 24. Qxf7 Nf5 25. Nc5 Bc8 26. Nxe6 Bxe6 27.
Qxe6 Qxe6 28. Bxe6 Rxd4 29. h5 Re8 30. Bf7 Rxe5 31. hxg6 Rxb4 32. Rfe1 Rxe1+
33. Rxe1 Kc7 34. Re5 Ng7 35. g3 Kd6 36. f4 b6 37. Kg2 a5 38. Kf3 h5 39. g4
hxg4+ 40. Kxg4 Rb1 41. Kg5 Rf1 42. Kh6 Rxf4 43. Rd5+ Kc6 44. Kxg7 a4 45. Rd3 b5
46. Kf8 1-0

[Event "Balaguer op"]
[Site "?"]
[Date "2011.07.24"]
[Round "8"]
[White "Iagar, RG."]
[Black "Juan Bartroli, P."]
[Result "1-0"]
[WhiteElo "2162"]
[BlackElo "1860"]
[PlyCount "137"]
[EventDate "2011.??.??"]
[EventType "swiss"]
[Source "Chessbase"]
[SourceDate "2011.07.29"]

1. d4 Nf6 2. Nf3 e6 3. c4 d5 4. g3 c5 5. cxd5 Qxd5 6. Nc3 Qd8 7. Bg2 Nc6 8. e3
cxd4 9. Nxd4 Nxd4 10. exd4 Bd6 11. O-O O-O 12. Qb3 a6 13. Rd1 Qa5 14. Bd2 Qf5
15. Qb6 Be7 16. Qc7 Bd8 17. Qc5 Qxc5 18. dxc5 Bc7 19. Rac1 Rb8 20. b4 Bd7 21.
Bg5 Bc6 22. Bxf6 gxf6 23. Ne4 Bxe4 24. Bxe4 b6 25. Rd7 bxc5 26. Rxc7 cxb4 27.
Ra7 Rb6 28. Rc6 Rbb8 29. Rcxa6 b3 30. axb3 Rxb3 31. Ra8 Rxa8 32. Rxa8+ Kg7 33.
Kg2 f5 34. Bc2 Rc3 35. Bd1 Rc7 36. Rb8 Kf6 37. Bf3 Kg6 38. Rb7 Rc8 39. Rd7 Rb8
40. Rc7 Rd8 41. Bc6 Kf6 42. Kh3 Kg6 43. f4 Rb8 44. Kh4 Rd8 45. Bf3 Rf8 46. h3
Kf6 47. Bh5 Kg7 48. g4 fxg4 49. hxg4 Kf6 50. g5+ Kg7 51. Kg3 Kg8 52. Re7 f6 53.
g6 hxg6 54. Bxg6 e5 55. f5 Rd8 56. Re8+ Rxe8 57. Bxe8 Kf8 58. Bg6 Ke7 59. Kf3
Kd6 60. Ke4 Kc6 61. Bf7 Kd6 62. Bb3 Kc6 63. Ba2 Kd6 64. Kd3 Kc6 65. Bb1 Kb5 66.
Ke4 Kc4 67. Kf3 Kd4 68. Kg4 Ke3 69. Kh5 1-0

[Event "Balaguer op"]
[Site "?"]
[Date "2011.07.24"]
[Round "8"]
[White "Oms Pallisse, J."]
[Black "Mellado Triviño, J."]
[Result "1-0"]
[WhiteElo "2489"]
[BlackElo "2433"]
[PlyCount "41"]
[EventDate "2011.??.??"]
[EventType "swiss"]
[Source "Chessbase"]
[SourceDate "2011.07.29"]

1. d4 d5 2. c4 c6 3. Nf3 Nf6 4. Nc3 dxc4 5. a4 c5 6. d5 Bf5 7. a5 Nbd7 8. Qa4
Be4 9. Ne5 Bxd5 10. Nxd5 Nxd5 11. e4 b5 12. Qxb5 Nb4 13. Bxc4 e6 14. Qa4 Ke7
15. Bg5+ f6 16. Nc6+ Nxc6 17. Qxc6 Qe8 18. Qxe6+ Kd8 19. Qd5 Kc7 20. Bb5 fxg5
21. Qc6+ 1-0

[Event "Balaguer op"]
[Site "?"]
[Date "2011.07.24"]
[Round "8"]
[White "Orti Boix, ML."]
[Black "Guadamuro Torrente, AI."]
[Result "0-1"]
[WhiteElo "1857"]
[BlackElo "2177"]
[PlyCount "88"]
[EventDate "2011.??.??"]
[EventType "swiss"]
[Source "Chessbase"]
[SourceDate "2011.07.29"]

1. e4 e5 2. Nf3 Nc6 3. Bb5 Nf6 4. O-O Nxe4 5. d4 Nd6 6. Bxc6 dxc6 7. dxe5 Nf5
8. Qxd8+ Kxd8 9. h3 h6 10. Nc3 Ne7 11. Rd1+ Ke8 12. b3 Ng6 13. Ne2 c5 14. c4
Be6 15. Bb2 Be7 16. Kh2 h5 17. Nc3 h4 18. Nd5 Bd8 19. Bc1 c6 20. Nf4 Nxf4 21.
Bxf4 Rh5 22. Kh1 g5 23. Rxd8+ Rxd8 24. Bxg5 Rd3 25. Be3 b6 26. Kh2 Kd8 27. Re1
Kc8 28. Re2 a5 29. Rb2 Bf5 30. a3 Be4 31. Ne1 Rd1 32. Nf3 Bxf3 33. gxf3 Rxe5
34. f4 Re8 35. Kg2 Rg8+ 36. Kf3 Rh1 37. b4 Rxh3+ 38. Ke2 cxb4 39. axb4 a4 40.
Ra2 Rh1 41. Rxa4 Kb7 42. f5 h3 43. Bf4 h2 44. Kf3 Rh8 0-1

[Event "Balaguer op"]
[Site "?"]
[Date "2011.07.24"]
[Round "8"]
[White "Quintas Galeano, L."]
[Black "Lariño Nieto, D."]
[Result "1/2-1/2"]
[WhiteElo "2155"]
[BlackElo "2495"]
[PlyCount "104"]
[EventDate "2011.??.??"]
[EventType "swiss"]
[Source "Chessbase"]
[SourceDate "2011.07.29"]

1. e4 d5 2. exd5 Qxd5 3. Nc3 Qa5 4. Bc4 Nf6 5. d3 a6 6. Nge2 b5 7. Bb3 Bb7 8.
O-O Nbd7 9. Be3 e6 10. Ng3 c5 11. a4 b4 12. Nce4 Nd5 13. Qe2 Qc7 14. a5 h5 15.
Ng5 Bd6 16. Bxd5 Bxd5 17. f4 g6 18. N3e4 Bf8 19. c4 bxc3 20. Nxc3 Qc6 21. f5
gxf5 22. Rxf5 exf5 23. Bd4+ Be6 24. Bxh8 O-O-O 25. Nxe6 Qxe6 26. Qxe6 fxe6 27.
Re1 Bh6 28. Be5 Nxe5 29. Rxe5 Kd7 30. Kf1 Kd6 31. Re1 Rb8 32. Na4 Rb3 33. Rxe6+
Kxe6 34. Nxc5+ Kd5 35. Nxb3 Bg7 36. Ke2 Bxb2 37. Ke3 Be5 38. h3 Bh2 39. d4 Kc4
40. Nc5 Kb5 41. Nb7 h4 42. d5 Be5 43. Kd3 Bf4 44. Kd4 Bg3 45. Kd3 Be5 46. Ke3
Bh2 47. Kd4 Bg3 48. Kd3 Bf2 49. Kc3 Be1+ 50. Kd4 Bg3 51. Kd3 Be5 52. Ke3 Bh2
1/2-1/2

[Event "Balaguer op"]
[Site "?"]
[Date "2011.07.24"]
[Round "8"]
[White "Ramon Solans, A."]
[Black "Janev, E."]
[Result "0-1"]
[WhiteElo "2280"]
[BlackElo "2528"]
[PlyCount "86"]
[EventDate "2011.??.??"]
[EventType "swiss"]
[Source "Chessbase"]
[SourceDate "2011.07.29"]

1. d4 Nf6 2. c4 d6 3. Nc3 g6 4. e4 Bg7 5. f4 c5 6. d5 O-O 7. Nf3 e6 8. Be2 exd5
9. cxd5 Bg4 10. O-O Nbd7 11. h3 Bxf3 12. Bxf3 Qb6 13. Re1 Ne8 14. g4 c4+ 15.
Kg2 Rc8 16. Qc2 Nc5 17. Be3 Qa5 18. Bxc5 Qxc5 19. a4 Nc7 20. e5 dxe5 21. fxe5
Na6 22. Ne4 Qd4 23. Nd6 Bxe5 24. Nxc8 Rxc8 25. Re4 Qxb2 26. Qxb2 Bxb2 27. Rae1
Kg7 28. Re8 Rc7 29. R1e7 Ba3 30. Rxc7 Nxc7 31. Re3 Bb4 32. d6 Ne6 33. Rxe6 fxe6
34. d7 Ba5 35. Bxb7 Kf6 36. Kf3 Ke5 37. Ke3 Bb6+ 38. Kd2 Kd4 39. h4 h6 40. h5
g5 41. Bf3 Ba5+ 42. Kc2 Ke3 43. Bd1 e5 0-1

[Event "Balaguer op"]
[Site "?"]
[Date "2011.07.24"]
[Round "8"]
[White "Turuguet Lopez, JL."]
[Black "Ramon Perez, JL."]
[Result "0-1"]
[WhiteElo "1928"]
[BlackElo "2222"]
[PlyCount "68"]
[EventDate "2011.??.??"]
[EventType "swiss"]
[Source "Chessbase"]
[SourceDate "2011.07.29"]

1. Nf3 g6 2. d4 Bg7 3. g3 c5 4. Bg2 cxd4 5. Nxd4 Nc6 6. Nxc6 bxc6 7. Nc3 Rb8 8.
O-O Qa5 9. Be3 Nf6 10. Rb1 O-O 11. Qc1 Ng4 12. Bd2 d6 13. h3 Ne5 14. Nd5 Qd8
15. Nb4 c5 16. Nd5 e6 17. Nf4 d5 18. h4 Nc4 19. b3 Nb6 20. h5 e5 21. hxg6 hxg6
22. Nd3 Qc7 23. Bh6 Bg4 24. Bxg7 Kxg7 25. Qe3 Rfe8 26. Qxc5 Qxc5 27. Nxc5 Rbc8
28. b4 Bxe2 29. Rfe1 Bb5 30. Ra1 d4 31. a4 Bc6 32. a5 Bxg2 33. axb6 Bf3 34. b7
Rh8 0-1